00366 2200157 4500245003000000020002200030250001100052100001600063650001600079005001900095260003600114041001400150084000800164300002700172336000900199 aMeltedcMayang AenihText a978-602-430-141-5 aCet. 1 aMayang Aeni aNovel Fiksi a20230117111836 aYogyakartabBentang Beliac2017 aIndonesia a813 ax, 278 hlm. 20.8 cm. : atext